Mass media and the electoral process in Nigeria (Record no. 32327)

MARC details
000 -LEADER
fixed length control field 00858nam a2200181Ia 4500
020 ## - INTERNATIONAL STANDARD BOOK NUMBER
ISBN 9780517561
050 ## - CALL MARK
Classification number P 95.82.N6 .D47/
100 ## - STATEMENT OF RESPONSIBILITY--MAIN AUTHOR NAME
Personal name Edited by Des Wilson, Ph.D.
245 #0 - TITLE STATEMENT
Title Mass media and the electoral process in Nigeria
260 ## - PUBLICATION, DISTRIBUTION, ETC. (IMPRINT)
Place of publication Nigeria
260 ## - PUBLICATION, DISTRIBUTION, ETC. (IMPRINT)
Name of publisher African Council for Communication Education,
260 ## - PUBLICATION, DISTRIBUTION, ETC. (IMPRINT)
Year of publication 2016
300 ## - PHYSICAL DESCRIPTION
Number of Pages 268 p
650 ## - SUBJECT ADDED ENTRY--TOPICAL TERM
Topical Term Mass media--Political aspects--Nigeria. Mass media--Social aspects--Nigeria. Mass media and culture--Nigeria. Mass media and public opinion--Nigeria. Communication--Political aspects--Nigeria. Elections--Nigeria--In mass media. Women--Political activity--Press coverage--Nigeria. Elections--Citizen participation--Press coverage--Nigeria. Nigeria--Politics and government--21st century.
942 ## - ADDED ENTRY ELEMENTS (KOHA)
Koha item type Books
Holdings
Withdrawn status Lost status Source of classification or shelving scheme Damaged status Not for loan Permanent Location Current Location Shelving location Date acquired Accession Number Price effective from Koha item type
    Library of Congress Classification     NILE UNIVERSITY OF NIGERIA - MAIN LIBRARY NILE UNIVERSITY OF NIGERIA - MAIN LIBRARY Items on shelf 04/23/2025 0194719 04/23/2025 Books